Music Quiz

Random Music or Kpop Quiz
Score 0/27 Timer 10:00
0 Plays Today
% Correct
BTS
96.6%
TWICE
96%
EXO
94.8%
Taemin
90.6%
SF9
89.4%
B.A.P
85.8%
Nu'est W
82.8%
GFRIEND
81.6%
JBJ
80.6%
B1A4
79.4%
BTOB
76.4%
GOT7
74.4%
PENTAGON
71%
Highlight
70.4%
% Correct
BOBBY
70.2%
BOBBY
68.4%
A.C.E
67.4%
MXM
67.2%
Lee Gikwang
61.6%
UP10TION
61.2%
Bolbbalgan4
60.2%
Epik High
57.6%
DIA
57.4%
SECHSKIES
56.6%
April
55.8%
IN2IT
55.4%
Paul Kim
51%
Remove Ads.
Support Sporcle.
Get the best of Sporcle when you Go Orange. This ad-free experience offers more features, more stats, and more fun while also helping to support Sporcle. Thank you for becoming a member.

You're not logged in!

Compare scores with friends on all Sporcle quizzes.
OR
Log In

Sporcle TV

Today on Sporcle TV


Watch our educational content, quiz creation guides, and fun videos on Sporcle TV.

Show Comments

Extras

Top Quizzes Today


Score Distribution

Paid Content

Your Account Isn't Verified!

In order to create a playlist on Sporcle, you need to verify the email address you used during registration. Go to your Sporcle Settings to finish the process.

Report this User

Report this user for behavior that violates our Community Guidelines.

Details: